000 00283nam a2200121Ia 4500
008 190216s9999||||xx |||||||||||||| ||und||
100 _aRoy R R &nigam V P
245 0 _aNuclear Physics
260 _bWiley Eastern Ltd
_c1986
300 _a616p
650 _aPhysics
942 _cBK
999 _c33510
_d33510